|
|
|
|
| LEADER |
00000naa2a2200000 4500 |
| 001 |
140444 |
| 005 |
20240122152752.0 |
| 035 |
|
|
|a (RuTPU)RU\TPU\book\152149
|
| 090 |
|
|
|a 140444
|
| 100 |
|
|
|a 20080701d2005 k y0rusy50 ca
|
| 101 |
0 |
|
|a rus
|
| 102 |
|
|
|a RU
|
| 200 |
1 |
|
|a Market property repartition in Russia
|f O. S. Selevich
|
| 461 |
|
1 |
|0 (RuTPU)RU\TPU\book\107328
|t Энергия молодых - экономике России
|o труды VI Всероссийской научно-практической конференции студентов и молодых ученых, Томск, 19-22 апреля 2005 г.
|o в 2 ч.
|f Томский политехнический университет; Вольное экономическое общество России
|d 2005-
|
| 463 |
|
0 |
|0 (RuTPU)RU\TPU\book\73344
|t Ч. 1
|v С. 113
|d 2005
|
| 610 |
1 |
|
|a маркетинг
|
| 610 |
1 |
|
|a Россия
|
| 610 |
1 |
|
|a приватизация
|
| 610 |
1 |
|
|a собственность
|
| 610 |
1 |
|
|a управление
|
| 610 |
1 |
|
|a экономика
|
| 610 |
1 |
|
|a труды учёных ТПУ
|
| 700 |
|
1 |
|a Selevich
|b O. S.
|c Economist
|c Associate Professor of Tomsk Polytechnic University, Candidate of economic sciences
|f 1977-
|g Olga Semenovna
|3 (RuTPU)RU\TPU\pers\34264
|9 17795
|
| 801 |
|
1 |
|a RU
|b 63413507
|c 20080701
|g PSBO
|
| 801 |
|
2 |
|a RU
|b 63413507
|c 20200506
|g RCR
|
| 942 |
|
|
|c BK
|